Statistics for U.S. States that Border Arkansas

Click here to take the quiz!

General Stats

  • This quiz has been taken 26 times
  • The average score is 6 of 6

Answer Stats

State% Correct
Mississippi
100%
Tennessee
100%
Missouri
95%
Texas
95%
Louisiana
89%
Oklahoma
89%

Score Distribution

Percentile by Number Answered

Percent of People with Each Score

Your Score History

You have not taken this quiz